APL2 in Depth /

Gespeichert in:
Bibliographische Detailangaben
Hauptverfasser: Thomson, Norman D (Verfasst von), Polívka, Raymond P (Verfasst von)
Format: Buch
Sprache:Englisch
Veröffentlicht: New York : Springer Verlag, 1995
Schlagworte:
Tags: Tag hinzufügen
Keine Tags, Fügen Sie das erste Tag hinzu!

MARC

LEADER 00000nam a22000003a 4500
001 stu9638
005 20200928113130.1
008 970428s1995----xxu-----------------eng-d
020 |a 0-387-94213-0 
040 |a STU  |b slo 
041 0 |a eng 
044 |a xxu 
080 |a 681.32.06 
080 |a APL2 
080 |a 519.682 
100 1 |a Thomson, Norman D  |4 aut 
245 1 |a APL2 in Depth /  |c [aut.] Thomson,Norman D.; Polívka,Raymond P 
260 |a New York :  |b Springer Verlag,  |c 1995 
300 |a 264 s 
650 7 |a programovacie jazyky  |2 stusub 
700 1 |a Polívka, Raymond P  |4 aut 
996 |b 284IK06194  |c I*16PJ5067  |l I  |s A  |a 24  |w stu9638_0001